| 000 | 00883nam a2200277Ia 4500 | ||
|---|---|---|---|
| 003 | OSt | ||
| 005 | 20221007121106.0 | ||
| 006 | a|||||r|||| 00| 0 | ||
| 007 | ta | ||
| 008 | 221006b |||||||| |||| 00| 0 eng d | ||
| 020 | _a1555813720 (pbk) | ||
| 024 | _a117842 | ||
| 037 |
_b119, 10/12/2010, Dhanraj Book House _cTextbook |
||
| 040 |
_aBDL _cBDL _beng |
||
| 041 |
_2eng _aeng |
||
| 082 | _aG, P6 Carb | ||
| 100 |
_aWhite Brian _9445039 |
||
| 245 | 0 |
_aProblems approach to introductory biology _b Mischke Michelle |
|
| 260 |
_aWashington _bDC ASM Press _c2006 |
||
| 300 |
_axi, 265p. Includes CD-Rom _ccm. |
||
| 650 |
_a Biology-problems _9710633 |
||
| 650 | _aBotany | ||
| 700 |
_a Mischke Michelle _9445040 |
||
| 942 |
_hG, P6 Carb _cTB _2CC |
||
| 999 |
_c1208427 _d1208427 |
||